| Tag |
First Indicator |
Second Indicator |
Subfields |
| LEADER |
00000cam a2200000 4500 |
| 001 |
in00000035557 |
| 005 |
20151007062034.0 |
| 008 |
751028s1883 nyu 00010 eng |
| 010 |
|
|
|a 11022978
|
| 035 |
|
|
|a (OCoLC)01742291
|
| 035 |
|
|
|9 AAD3804AM
|
| 040 |
|
|
|a DLC
|c HDC
|d TXA
|d UtOrBLW
|
| 049 |
|
|
|a TXAM
|c [108366]
|
| 050 |
0 |
0 |
|a PR826
|b .L3 1883
|
| 092 |
|
|
|a 820.9
|b L287e
|
| 100 |
1 |
|
|a Lanier, Sidney,
|d 1842-1881.
|
| 245 |
1 |
4 |
|a The English novel and the principle of its development /
|c by Sidney Lanier ...
|
| 264 |
|
1 |
|a New York :
|b C. Scribner's sons,
|c 1883.
|
| 300 |
|
|
|a 3 pages ., 293 pages ;
|c 21 cm.
|
| 336 |
|
|
|a text
|b txt
|2 rdacontent
|
| 337 |
|
|
|a unmediated
|b n
|2 rdamedia
|
| 338 |
|
|
|a volume
|b nc
|2 rdacarrier
|
| 650 |
|
0 |
|a English fiction
|x History and criticism.
|
| 999 |
|
|
|a MARS
|
| 999 |
f |
f |
|s afdf4ee2-6b74-3ebe-ad05-cc6c9af325e9
|i 2ff82ad4-bce4-3c46-a969-7b6d6db50985
|t 0
|
| 952 |
f |
f |
|p normal
|a Texas A&M University
|b College Station
|c Sterling C. Evans Library
|d Evans: Library Stacks
|t 0
|e PR826 .L3 1883
|h Library of Congress classification
|i unmediated -- volume
|m A14801272259
|
| 998 |
f |
f |
|a PR826 .L3 1883
|t 0
|l Evans: Library Stacks
|